000 00556nam a2200205Ia 4500
005 20250507130247.0
008 008 250505s9999 xx 000 0 eng d
037 _aSeries Article
040 _aEASL
_beng
_cEASL
041 _aeng
_2eng
084 _qEASL
100 _aGuoqiang Dong
_9668737
245 0 _aNanjing's ''Second cultural revolution'' of 1974
260 _aUK
_bUK Cambridge Univesity Press UK
_c2013
300 _a893-918
650 _aChina
700 _aWalder Andrew G
942 _cSRA
999 _c1318629
_d1318629